OECD Transfer Pricing Guidelines for Multinational Enterprises and Tax Administrations July 2017

Saved in:
Bibliographic Details
Format: Book
Language:English
Published: Paris OECD 2017
Series:OECD Transfer Pricing Guidelines for Multinational Enterprises and Tax Administrations
Subjects:
Tags: Add Tag
No Tags, Be the first to tag this record!

MARC

LEADER 00000nam a2200000 4500
001 0241811
005 20240221115940.2
020 |a 978-92-64-26273-7 
041 0 |a eng 
044 |a FR 
245 1 0 |a OECD Transfer Pricing Guidelines for Multinational Enterprises and Tax Administrations  |b July 2017 
264 1 |a Paris  |b OECD  |c 2017 
300 |a 607 s. 
490 1 |a OECD Transfer Pricing Guidelines for Multinational Enterprises and Tax Administrations 
830 0 |a OECD Transfer Pricing Guidelines for Multinational Enterprises and Tax Administrations 
610 2 0 |a oceňovanie transferové 
610 2 0 |a metódy 
610 2 0 |a politika cenová 
610 2 0 |a politika daňová 
610 2 0 |a analýzy 
610 2 0 |a porovnanie cenové 
610 2 0 |a dane 
610 2 0 |a dohody 
610 2 0 |a dokumentácia 
610 2 0 |a aktíva nehmotné 
610 2 0 |a služby 
610 2 0 |a náklady 
610 2 0 |a reštrukturalizácia 
610 2 0 |a podnik multinacionálny 
610 2 0 |a správa daňová